Name the RNA Codons - Statistics

General Stats
  • This quiz has been taken 12 times
  • The average score is 4 of 10
Answer Stats
Answer % Correct
Met
92%
Leu
50%
Tyr
42%
Glu
33%
Phe
33%
Ala
25%
Asp
25%
Thr
25%
Pro
17%
Gln
8%
No matching quizzes found
Score Distribution
Percent of People with Each Score
Percentile by Number Answered
Your Score History
You have not taken this quiz